000 00902nam a22002777a 4500
001 105332
003 UA-OsUOA
005 20220307135651.0
007 ta
008 20140227b un ||||| |||| 00| 0 ukr d
020 _a9667920542
040 _aUA-OsUOA
_bukr
_cUA-OsUOA
_dUA-OsUOA
041 _aukr
080 _a341.231.14(4)
090 _a341.231.14(4)
_bВ41
245 _aВибрані рішення Європейського суду з прав людини: в двох томах
_cукл. : Ю. Зайцев, О. Павліченко
260 _aК.
_bФенікс
_c2006
300 _a688 с.
505 _gТ. 1
650 7 _a341 Міжнародне право
_2UDC
700 1 _aЗайцев Ю.
_eуклад.
700 1 _aПавліченко О.
_eуклад.
942 _cBK
_2udc
955 _a1
999 _c391461
_d391461